Normal view MARC view
  • Kayani, Hooreen

Entry Personal Name

Number of records used in: 1

001 - CONTROL NUMBER

  • control field: 131226

003 - CONTROL NUMBER IDENTIFIER

  • control field: NUST

005 - DATE AND TIME OF LATEST TRANSACTION

  • control field: 20251017105537.0

008 - FIXED-LENGTH DATA ELEMENTS

  • fixed length control field: 251017|| aca||aabn | a|a d

040 ## - CATALOGING SOURCE

  • Original cataloging agency: NUST
  • Transcribing agency: NUST

100 ## - HEADING--PERSONAL NAME

  • Personal name: Kayani, Hooreen

670 ## - SOURCE DATA FOUND

  • Source citation: Work cat.: (NUST): Kayani, Hooreen , Evaluating the Synergistic Role of Insulin and Photobiomodulation in alleviating Diabetic Neuropathy and Cognitive Impairment /
© 2023 Central Library, National University of Sciences and Technology. All Rights Reserved.